Los pasos fallidos de la reactivación /
Vargas Solís analiza las tres etapas planteadas por el gobierno de Luis alb. Monge para lograr la reconstrucción económica, a saber: estabilización, reactivación y reajuste estructural. el autor afirma que sólo logró cumplir con la primera etapa, gracias al masivo financiamiento externo proporcionad...
Kaydedildi:
| Yazar: | |
|---|---|
| Materyal Türü: | Metin |
| Konular: | |
| Etiketler: |
Etiketle
Etiket eklenmemiş, İlk siz ekleyin!
|
MARC
| LEADER | 00000 a a2200000 04500 | ||
|---|---|---|---|
| 001 | 1618 | ||
| 003 | |||
| 040 | |||
| 100 | |a Vargas Solís, Luis Paulino | ||
| 245 | |a Los pasos fallidos de la reactivación / |c Luis Paulino Vargas Solís | ||
| 520 | |a Vargas Solís analiza las tres etapas planteadas por el gobierno de Luis alb. Monge para lograr la reconstrucción económica, a saber: estabilización, reactivación y reajuste estructural. el autor afirma que sólo logró cumplir con la primera etapa, gracias al masivo financiamiento externo proporcionado, básicamente, por el gobierno de Estados Unidos y, también, gracias a una serie de medidas económicas que golpean el nivel de vida de los sectores populares. RLS/mb | ||
| 650 | |a POLITICA ECONOMICA | ||
| 650 | |a RECESION ECONOMICA | ||
| 650 | |a COSTOS SOCIALES | ||
| 650 | |a DEUDA EXTERNA | ||
| 650 | |a ESTABILIZACION ECONOMICA | ||
| 650 | |a RECONSTRUCCION DE LA ECONOMIA | ||
| 650 | |a AJUSTE ESTRUCTURAL | ||
| 773 | |g número 28; páginas 13-14 | ||
| 999 | |c 29899 |d 29899 | ||
